000
00198 a2200097 4500
001
1789
100
_a
Avery, M.F.
245
_a
Methods Engineering
260
_a
_b
Macdonald
_c
090
_c
1320
_d
1320
942
_a
NUST-CAE
_c
M
_c
3559
999
_c
236862
_d
236862